| 000 | 00516 a2200181 4500 | ||
|---|---|---|---|
| 999 |
_c7979 _d7979 |
||
| 010 | _aENG-88277 | ||
| 020 |
_a817728744 _c40.00 |
||
| 035 | _aEN-71810 | ||
| 037 | _bDBAD / PUB | ||
| 082 | 1 | 4 | _a947.0841092 |
| 100 | 1 | _aLenin | |
| 245 | 1 |
_aThe state and revolution/ _cby Lenin |
|
| 260 |
_aLucknow _bRahul Foundation _c2006 |
||
| 300 |
_a116 p. _c22cm (Pbk) |
||
| 490 | _aWorkers of all countries uite | ||
| 500 | _aIncludes bibliographical refrences | ||
| 942 |
_adpl _cEN _2ddc _h947.0841092 _mLEN |
||